000 00884cam a2200217 4500
001 WB3735-18
008 010918n2001 000 0 eng u
035 _a(Sirsi) u114635
245 _aPlanning gain targets 'invalid'
260 _c2001
490 _aProperty Week
_v14 September 2001, 14(1)
520 _aRICS warns that government initiatives to force commercial developers to contribute to cash for affordable housing breaches the principle behind s106 agreements. At the present, only housing developers can be compelled to give cash to affordable homes, but government is under pressure to extend this to other areas
590 _aWB
650 _aSOCIAL HOUSING
650 _aTOWN AND COUNTRY PLANNING ACT 1990 S106
650 _aCOMMERCIAL SECTOR
650 _aKEY WORKERS
650 _aPLANNING SYSTEM
690 _aPlanning and development
_96259
942 _n0
999 _c68299
_d68299